Bankovní úřad Ministerstva financí (1919-1926)
Bankový úrad a Rakúsko-uhorská banka (RUB). Založenie Bankového úradu Ministerstva financií (BÚMF, 6.3.1919) a vymedzenie jeho funkcií po stránke vecnej. Činnosť BÚMF po stránke personálnej. Diskusie a zákony o Národnej banke československej (zahájila činnosť 1.4.1926).
Saved in:
| Main Author: | |
|---|---|
| Other Authors: | |
| Format: | Book Chapter |
| Language: | Czech |
| Subjects: | |
| Tags: |
No Tags, Be the first to tag this record!
|
MARC
| LEADER | 00000naa a2200000 4500 | ||
|---|---|---|---|
| 001 | r017069 | ||
| 005 | 20221205090220.8 | ||
| 041 | 0 | |a cze | |
| 044 | |a CZ | ||
| 245 | 1 | 0 | |a Bankovní úřad Ministerstva financí (1919-1926) |c S. Půlpánová, K. Půlpán |
| 520 | |a Bankový úrad a Rakúsko-uhorská banka (RUB). Založenie Bankového úradu Ministerstva financií (BÚMF, 6.3.1919) a vymedzenie jeho funkcií po stránke vecnej. Činnosť BÚMF po stránke personálnej. Diskusie a zákony o Národnej banke československej (zahájila činnosť 1.4.1926). | ||
| 610 | 2 | 0 | |a banky |
| 610 | 2 | 0 | |a ČSR |
| 610 | 2 | 0 | |a 1919-1926 |
| 610 | 2 | 0 | |a Bankovní úřad Ministerstva financí |
| 610 | 2 | 0 | |a Národní banka československá |
| 610 | 2 | 0 | |a Rakousko-uherská banka |
| 610 | 2 | 0 | |a mena |
| 610 | 2 | 0 | |a obeh peňažný |
| 610 | 2 | 0 | |a obchody bankové |
| 610 | 2 | 0 | |a banky emisné |
| 100 | 1 | |a Půlpánová, S. | |
| 700 | 1 | |a Půlpán, K. | |